LEADER 01782nam 22005531 450 001 9910464153403321 005 20200520144314.0 010 $a1-57659-283-9 035 $a(CKB)3240000000069071 035 $a(OCoLC)861528368 035 $a(CaPaEBR)ebrary10756349 035 $a(SSID)ssj0000607102 035 $a(PQKBManifestationID)11403423 035 $a(PQKBTitleCode)TC0000607102 035 $a(PQKBWorkID)10584929 035 $a(PQKB)10149781 035 $a(MiAaPQ)EBC3240055 035 $a(OCoLC)654379512 035 $a(MdBmJHUP)muse7562 035 $a(Au-PeEL)EBL3240055 035 $a(CaPaEBR)ebr10756349 035 $a(EXLCZ)993240000000069071 100 $a20051012d2005 uy 0 101 0 $aeng 135 $aurcnu|||||||| 181 $ctxt 182 $cc 183 $acr 200 10$aEarly Oxford Lecture on Individuation /$fJohn Duns Scotus ; Latin text with English translation and introduction [by] Allan B. Wolter 210 1$aSt. Bonaventure, New York :$cFranciscan Institute,$d2005. 215 $a1 online resource (143 p.) 225 0$aFranciscan Institute publications 300 $aBibliographic Level Mode of Issuance: Monograph 311 $a1-57659-191-3 320 $aIncludes bibliographical references. 517 1 $aDe Principio Individuationis 606 $aIndividuation (Philosophy) 608 $aElectronic books. 615 0$aIndividuation (Philosophy) 676 $a111/.82 700 $aDuns Scotus$b John$fapproximately 1266-1308.$0864541 701 $aWolter$b Allan Bernard$f1913-$0181967 801 0$bMiAaPQ 801 1$bMiAaPQ 801 2$bMiAaPQ 906 $aBOOK 912 $a9910464153403321 996 $aEarly Oxford Lecture on Individuation$92003550 997 $aUNINA LEADER 00783nam0-2200265 --450 001 9910865191903321 005 20240627151802.0 010 $a9791259932716 100 $a20240627d2024----kmuy0itay5050 ba 101 0 $aita 102 $aIT 105 $aa a 001yy 200 1 $a<>casa dei poveri$eedilizia popolare dai quartieri operai alla crisi attuale$fGuido Montanari 210 $aTorino$cRosenberg & Sellier$d2024 215 $a214 p.$cill.$d21 cm 610 0 $aEdilizia$aEdifici [per] abitazione 676 $a690.8$v23$zita 700 1$aMontanari,$bGuido$09034 801 0$aIT$bUNINA$gREICAT$2UNIMARC 901 $aBK 912 $a9910865191903321 952 $aMON B 1991$b381/2024$fFARBC 959 $aFARBC 996 $aCasa dei poveri$94169151 997 $aUNINA